[Event "Utrecht OKU op 42nd"]
[Site "Utrecht"]
[Date "2015.06.06"]
[Round "3"]
[White "Van Dael, Siem"]
[Black "Koudinov, Dimitri"]
[Result "1-0"]
[WhiteElo "1701"]
[BlackElo "2065"]
[PlyCount "59"]
[EventDate "2015.06.05"]
[EventType "swiss"]
[EventRounds "6"]
[EventCountry "NED"]
[SourceTitle "CBM 166 Extra"]
[Source "ChessBase"]
[SourceDate "2015.06.18"]
[SourceVersion "1"]
[SourceVersionDate "2015.06.18"]
[SourceQuality "1"]

1. e4 e6 2. d4 d5 3. Nc3 Bb4 4. e5 c5 5. a3 Bxc3+ 6. bxc3 Ne7 7. Qg4 Qc7 8. Qxg7 Rg8 9. Qxh7 cxd4 10. Ne2 Nbc6 11. f4 dxc3 12. Qd3 d4 13. Nxd4 Nxd4 14. Qxd4 Bd7 15. Qf2 Bc6 16. h4 Qa5 17. h5 Rd8 18. h6 Qd5 19. Be3 Nf5 20. h7 Rh8 21. Bd3 Qxg2 22. Rg1 Qxf2+ 23. Bxf2 Rxh7 24. Bxf5 exf5 25. Rg8+ Ke7 26. Bc5+ Ke6 27. Rxd8 Rh1+ 28. Kf2 Rxa1 29. Rd6+ Ke7 30. Rd1+ 1-0

[Event "Bussum op 30th"]
[Site "Bussum"]
[Date "2013.05.19"]
[Round "4"]
[White "Witt, Rob"]
[Black "Koudinov, Dimitri"]
[Result "1/2-1/2"]
[WhiteElo "2240"]
[BlackElo "2044"]
[PlyCount "60"]
[EventDate "2013.05.18"]
[EventType "swiss"]
[EventRounds "7"]
[EventCountry "NED"]
[SourceTitle "CBM 154 Extra"]
[Source "ChessBase"]
[SourceDate "2013.06.25"]
[SourceVersion "2"]
[SourceVersionDate "2013.06.25"]
[SourceQuality "1"]

1. d4 d5 2. c4 e6 3. Nc3 c5 4. cxd5 exd5 5. Nf3 Nc6 6. dxc5 d4 7. Na4 Bf5 8. e3 d3 9. Bd2 Nf6 10. Qb3 Be7 11. Qxb7 Rc8 12. Qb5 0-0 13. Rd1 Qd7 14. Bc3 Rfd8 15. Qc4 Ne4 16. Rxd3 Nd6 17. cxd6 Bxd3 18. Qxd3 Bxd6 19. Qd1 Qe8 20. Nd4 Be5 21. Be2 Nxd4 22. exd4 Bxd4 23. Qc2 Rc4 24. b3 Rxa4 25. bxa4 Rc8 26. 0-0 Bxc3 27. Rc1 Rc7 28. Bb5 Qe5 29. Qd3 g6 30. g3 Kg7 1/2-1/2

[Event "Bussum op 29th"]
[Site "Bussum"]
[Date "2012.05.26"]
[Round "2.6"]
[White "Koudinov, Dimitri"]
[Black "Ypma, Peter"]
[Result "0-1"]
[WhiteElo "2044"]
[BlackElo "2168"]
[PlyCount "118"]
[EventDate "2012.05.25"]
[EventType "swiss"]
[EventRounds "7"]
[EventCountry "NED"]
[SourceTitle "CBM 148 Extra"]
[Source "ChessBase"]
[SourceDate "2012.06.22"]
[SourceVersion "1"]
[SourceVersionDate "2012.06.22"]
[SourceQuality "1"]

1. d4 Nf6 2. c4 e6 3. Nc3 Bb4 4. Bg5 h6 5. Bh4 c5 6. d5 Bxc3+ 7. bxc3 d6 8. e3 e5 9. Qc2 g5 10. Bg3 e4 11. h4 Rg8 12. hxg5 hxg5 13. 0-0-0 Qe7 14. f4 Bg4 15. Be2 Bxe2 16. Qxe2 gxf4 17. Bxf4 Nbd7 18. Nh3 0-0-0 19. Rdf1 Rg6 20. Bg5 Qe5 21. Bxf6 Rxf6 22. Kc2 Rxf1 23. Rxf1 Qg7 24. Nf4 Rg8 25. Qh5 Re8 26. Qh3 Re5 27. Rf2 Qg5 28. Ne2 Qg6 29. Ng3 Kc7 30. Nf5 Re8 31. Rf4 Ne5 32. Kb3 Nd3 33. Rf1 Rg8 34. Qh2 Ne5 35. Qh4 Qg5 36. Qxe4 Qxg2 37. Qxg2 Rxg2 38. Nh6 Rg7 39. Nf5 Rh7 40. a4 Rh2 41. a5 a6 42. Ng7 Kd7 43. Nf5 Rh3 44. Rf4 Rh1 45. Rh4 Rb1+ 46. Kc2 Rf1 47. e4 Rf2+ 48. Kb3 Nd3 49. Rh1 Rb2+ 50. Ka3 Re2 51. Nh6 Ne5 52. Kb3 Rxe4 53. Rf1 Ke8 54. Nf5 Nxc4 55. Rh1 Rf4 56. Rh5 Nxa5+ 57. Kc2 Nc4 58. Rh8+ Kd7 59. Rh5 Rxf5 0-1

[Event "Hilversum op"]
[Site "Hilversum"]
[Date "2011.06.24"]
[Round "1"]
[White "Slingerland, Fred"]
[Black "Koudinov, Dimitri"]
[Result "1/2-1/2"]
[WhiteElo "2415"]
[BlackElo "2035"]
[PlyCount "107"]
[EventDate "2011.06.24"]
[EventType "swiss"]
[EventRounds "6"]
[EventCountry "NED"]
[SourceTitle "CBM 143 Extra"]
[Source "ChessBase"]
[SourceDate "2011.08.29"]
[SourceVersion "1"]
[SourceVersionDate "2011.08.29"]
[SourceQuality "1"]

1. e4 e6 2. d4 d5 3. Nc3 Bb4 4. e5 c5 5. Bd2 Ne7 6. a3 Bxc3 7. Bxc3 Nbc6 8. Nf3 cxd4 9. Bxd4 Nxd4 10. Qxd4 Qb6 11. Qxb6 axb6 12. Bd3 Nc6 13. 0-0 Bd7 14. Rfe1 Ke7 15. c3 Rhc8 16. Rad1 Na5 17. Nd4 Ba4 18. Rd2 Nb3 19. Nxb3 Bxb3 20. Be2 Bc4 21. Bd1 g6 22. f4 h5 23. g3 Rc7 24. Kf2 Rcc8 25. Ke3 Rc7 26. Bc2 Rcc8 27. Red1 Rc7 28. Rd4 Rg8 29. Bd3 Bxd3 30. R1xd3 Rc6 31. Rb4 Ra8 32. Rdd4 Rac8 33. Kd3 Ra8 34. c4 f6 35. exf6+ Kxf6 36. a4 dxc4+ 37. Rbxc4 Ra5 38. Kc3 Ke7 39. b3 b5 40. Rxc6 bxc6 41. Kb4 Ra8 42. axb5 Rb8 43. Kc3 Rxb5 44. h4 e5 45. Re4 Kd6 46. fxe5+ Rxe5 47. Rxe5 Kxe5 48. Kc4 Kd6 49. b4 Kd7 50. Kd3 Ke7 51. Ke3 Ke6 52. Ke4 Kf6 53. Kf4 Ke6 54. Ke4 1/2-1/2

[Event "Bussum op 28th"]
[Site "Bussum"]
[Date "2011.06.13"]
[Round "6"]
[White "Koudinov, Dimitri"]
[Black "Van Oosten, Jaap"]
[Result "1-0"]
[WhiteElo "2035"]
[BlackElo "2035"]
[PlyCount "43"]
[EventDate "2011.06.10"]
[EventType "swiss"]
[EventRounds "7"]
[EventCountry "NED"]
[SourceTitle "CBM 142 Extra"]
[Source "ChessBase"]
[SourceDate "2011.06.27"]
[SourceVersion "1"]
[SourceVersionDate "2011.06.27"]
[SourceQuality "1"]

1. d4 Nf6 2. c4 c5 3. d5 e6 4. Nc3 exd5 5. cxd5 d6 6. e4 g6 7. f4 Bg7 8. e5 Nfd7 9. Ne4 dxe5 10. Nd6+ Ke7 11. Nxc8+ Qxc8 12. Nf3 Re8 13. Be2 Kf8 14. 0-0 e4 15. Ng5 Bd4+ 16. Kh1 Nf6 17. f5 Kg7 18. Qe1 Nbd7 19. Qh4 Qd8 20. fxg6 hxg6 21. Nxf7 Kxf7 22. Qh7+ 1-0

[Event "Bussum op 28th"]
[Site "Bussum"]
[Date "2011.06.11"]
[Round "3"]
[White "Witt, Rob"]
[Black "Koudinov, Dimitri"]
[Result "1-0"]
[WhiteElo "2248"]
[BlackElo "2035"]
[PlyCount "73"]
[EventDate "2011.06.10"]
[EventType "swiss"]
[EventRounds "7"]
[EventCountry "NED"]
[SourceTitle "CBM 142 Extra"]
[Source "ChessBase"]
[SourceDate "2011.06.27"]
[SourceVersion "1"]
[SourceVersionDate "2011.06.27"]
[SourceQuality "1"]

1. Nf3 d5 2. d4 c5 3. e3 Nf6 4. Nbd2 e6 5. b3 Nc6 6. Bb2 cxd4 7. exd4 Bd6 8. Bd3 0-0 9. a3 Qc7 10. Qe2 e5 11. Nxe5 Re8 12. f4 Ng4 13. h3 Nh6 14. Qh5 Be6 15. 0-0-0 f6 16. Nxc6 Qxc6 17. f5 Bd7 18. Qf3 Nf7 19. h4 b5 20. Rhe1 Qa6 21. b4 Qc6 22. Nb3 Bc7 23. Nc5 a5 24. Bc3 axb4 25. Bxb4 Bb6 26. Qf4 Rxe1 27. Rxe1 Ne5 28. dxe5 Bxc5 29. e6 Be8 30. Kd2 Ra4 31. Rb1 d4 32. Bxc5 Qxc5 33. Qb8 Qc6 34. Be4 Qc3+ 35. Kd1 Kf8 36. Qd6+ Kg8 37. Qd8 1-0

[Event "Hilversum op-A"]
[Site "Hilversum"]
[Date "2010.07.03"]
[Round "8"]
[White "Koudinov, Dimitri"]
[Black "Van den Bergh, Jan"]
[Result "1-0"]
[WhiteElo "2063"]
[BlackElo "2124"]
[PlyCount "39"]
[EventDate "2010.06.26"]
[EventType "swiss"]
[EventRounds "9"]
[EventCountry "NED"]
[SourceTitle "CBM 137 Extra"]
[Source "ChessBase"]
[SourceDate "2010.09.01"]
[SourceVersion "1"]
[SourceVersionDate "2010.09.01"]
[SourceQuality "1"]

1. d4 Nf6 2. c4 e6 3. Nc3 Bb4 4. Bg5 h6 5. Bh4 c5 6. d5 Bxc3+ 7. bxc3 d6 8. e3 Qe7 9. Qc2 Nbd7 10. Nf3 Nb6 11. 0-0-0 Bd7 12. Rd2 0-0-0 13. Be2 g5 14. Bg3 e5 15. h4 Nh5 16. Bh2 Ng7 17. a4 f5 18. a5 Ne8 19. Qb3 Kb8 20. Bxe5 1-0

[Event "Hilversum op-A"]
[Site "Hilversum"]
[Date "2010.06.30"]
[Round "5"]
[White "Koudinov, Dimitri"]
[Black "Van Apeldoorn, Janton"]
[Result "0-1"]
[WhiteElo "2063"]
[BlackElo "2156"]
[PlyCount "56"]
[EventDate "2010.06.26"]
[EventType "swiss"]
[EventRounds "9"]
[EventCountry "NED"]
[SourceTitle "CBM 137 Extra"]
[Source "ChessBase"]
[SourceDate "2010.09.01"]
[SourceVersion "1"]
[SourceVersionDate "2010.09.01"]
[SourceQuality "1"]

1. d4 Nf6 2. c4 c5 3. d5 g6 4. Nc3 d6 5. e4 Bg7 6. Nf3 0-0 7. Be2 e6 8. 0-0 exd5 9. exd5 Re8 10. h3 Nh5 11. Ng5 Nf6 12. Bd3 Nbd7 13. f4 h6 14. Nge4 Nxe4 15. Nxe4 Bd4+ 16. Kh1 Nf6 17. Nxf6+ Qxf6 18. f5 g5 19. Qh5 b5 20. cxb5 Bb7 21. Bd2 Bxd5 22. Rae1 Re5 23. b3 Rae8 24. Qg4 Rxe1 25. Rxe1 Rxe1+ 26. Bxe1 Qe5 27. Bd2 Bf2 28. Qe2 Bxg2+ 0-1

[Event "Hilversum op-A"]
[Site "Hilversum"]
[Date "2010.06.26"]
[Round "1"]
[White "Bonoo, Iwan"]
[Black "Koudinov, Dimitri"]
[Result "1/2-1/2"]
[WhiteElo "1949"]
[BlackElo "2063"]
[PlyCount "86"]
[EventDate "2010.06.26"]
[EventType "swiss"]
[EventRounds "9"]
[EventCountry "NED"]
[SourceTitle "CBM 137 Extra"]
[Source "ChessBase"]
[SourceDate "2010.09.01"]
[SourceVersion "1"]
[SourceVersionDate "2010.09.01"]
[SourceQuality "1"]

1. d4 d5 2. c4 e6 3. Nc3 c5 4. e3 Nf6 5. Nf3 Nc6 6. Bd3 dxc4 7. Bxc4 a6 8. a4 cxd4 9. exd4 Be7 10. 0-0 0-0 11. Bg5 Nb4 12. Qe2 Bd7 13. Rfd1 Bc6 14. Ne5 Bd5 15. Nxd5 Nfxd5 16. Bxe7 Qxe7 17. Ra3 Rad8 18. Rg3 Nf6 19. Qe3 Rfe8 20. Qh6 g6 21. Rf3 Nc6 22. Qf4 Nxe5 23. Qxe5 Nd5 24. Qg3 Rd7 25. h4 Red8 26. h5 Nb6 27. hxg6 hxg6 28. Bb3 Rxd4 29. Rxd4 Rxd4 30. Qe5 Rh4 31. Rc3 Rh5 32. Qb8+ Kg7 33. Qc7 Qxc7 34. Rxc7 Nd5 35. Rxb7 Re5 36. Kf1 Kf6 37. g3 a5 38. f3 Nb4 39. Bc4 g5 40. Kf2 Rc5 41. b3 Nd5 42. Ke2 Nc7 43. Kd3 Ke5 1/2-1/2

[Event "Utrecht OKU op"]
[Site "Utrecht"]
[Date "2009.06.06"]
[Round "4"]
[White "Van Eijk, Sander"]
[Black "Koudinov, Dimitri"]
[Result "1-0"]
[WhiteElo "2319"]
[BlackElo "2064"]
[PlyCount "85"]
[EventDate "2009.06.05"]
[EventType "swiss"]
[EventRounds "6"]
[EventCountry "NED"]
[SourceTitle "CBM 130 Extra"]
[Source "ChessBase"]
[SourceDate "2009.07.02"]
[SourceVersion "2"]
[SourceVersionDate "2009.07.15"]
[SourceQuality "1"]

1. e4 e6 2. d4 d5 3. Nd2 Nf6 4. e5 Nfd7 5. c3 c5 6. Bd3 Nc6 7. Ndf3 cxd4 8. cxd4 Qb6 9. Ne2 f6 10. exf6 Nxf6 11. 0-0 Bd6 12. Nc3 0-0 13. a3 Bd7 14. Be3 Rae8 15. b4 Re7 16. Ne5 Be8 17. Qd2 Qd8 18. f4 g6 19. Rac1 Nh5 20. g4 Ng7 21. Bb1 a5 22. b5 Na7 23. a4 Nc8 24. Ne2 Bb4 25. Qc2 Nb6 26. Bd2 Nc4 27. Bxb4 axb4 28. Qd3 Rc7 29. Nf3 Bf7 30. Ba2 Qe7 31. Ne5 Rfc8 32. Bxc4 dxc4 33. Nxc4 b3 34. Ne5 Rxc1 35. Rxc1 Rxc1+ 36. Nxc1 Qb4 37. Nxb3 Qe1+ 38. Kg2 Ne8 39. Nf3 Qb4 40. Nc5 e5 41. fxe5 Bd5 42. Nd7 Qxa4 43. b6 1-0

[Event "Bussum op"]
[Site "Bussum"]
[Date "2009.05.29"]
[Round "1"]
[White "Tjiam, Dharma"]
[Black "Koudinov, Dimitri"]
[Result "1-0"]
[WhiteElo "2379"]
[BlackElo "2064"]
[PlyCount "72"]
[EventDate "2009.05.29"]
[EventType "swiss"]
[EventRounds "7"]
[EventCountry "NED"]
[SourceTitle "CBM 130 Extra"]
[Source "ChessBase"]
[SourceDate "2009.07.02"]
[SourceVersion "2"]
[SourceVersionDate "2009.07.15"]
[SourceQuality "1"]

1. d4 d5 2. c4 e6 3. Nc3 c5 4. cxd5 exd5 5. Nf3 Nc6 6. g3 Nf6 7. Bg2 Be7 8. 0-0 0-0 9. Bg5 cxd4 10. Nxd4 h6 11. Be3 Bg4 12. h3 Be6 13. Rc1 Qd7 14. Nxe6 fxe6 15. Qd3 Rad8 16. Rcd1 Kh8 17. Qc2 Qe8 18. Qb3 b6 19. Qb5 Rc8 20. Rc1 Na5 21. Bf4 Nd7 22. Na4 Nc4 23. Rcd1 a6 24. Qb3 b5 25. Nc3 Nc5 26. Qc2 b4 27. Nb1 Bf6 28. b3 Nb2 29. Rc1 Qd7 30. Qd2 a5 31. Rc2 g5 32. Rxb2 gxf4 33. Rc2 Qg7 34. Qxf4 Bg5 35. Qg4 Qg6 36. Rxc5 Rxc5 1-0